00885nam a2200241 u 4500001000800000005001700008007001000025008004100035035001200076040001300088041000800101082000800109111007100117245013100188260008600319300003800405650002800443650004200471650005600513650001800569650003200587650002400619126540920260508071832.0co|||||||111122s2010 spa  a1265409 ccomduadb aspa 4a62020aReunión Nacional ACOFI (2010 : Santa Marta, Colombia),4auteaut10aReunión Nacional ACOFI 2011 : el compromiso de las facultades de ingeniería en la formación, para el desarrollo regional aBogotá :bAsociación Colombiana de Facultades de Ingeniería (ACOFI),c2010. a1 CD-ROM + 1 texto (214 p.) : il. aIngeniería - Colombia aFormación profesional de ingenieros aFacultades de ingeniería - Responsabilidad social 7aCurrículo2 aEstudiantes de ingeniería aIngeniería social